Orthographe - Mort subite - Statistiques

Statistiques générales
  • Ce quiz a été pris 3 295 fois
  • Le résultat moyen est 4 sur 10
Answers on the Grid
Answers color-coded by a green-red scale on the quiz's grid according to % correct below.
Chrysanthème
Omnibulé
Paralelle
Méditerranée
Cirrhose
Rhododindron
Hystérie
Coccyx
Schmilblick
Solicitude
Graffitti
Ornithorynque
Kaléidoscope
Ecchimose
Kinésithérapeute
Amydales
Éthylotest
Caoutchou
Dythirambique
Vinyle
 
Statistiques - réponses
Réponse % Correct
Coccyx
52%
Méditerranée
49%
Chrysanthème
46%
Vinyle
43%
Hystérie
34%
Éthylotest
33%
Kinésithérapeute
30%
Kaléidoscope
28%
Ornithorynque
27%
Cirrhose
23%
Aucun quiz correspondant
Distribution des résultats
% des personnes avec chaque résultat
Percentile par nombre de réponses
Votre historique - résultats
Vous n’avez pas pris ce quiz